000 00441nam a2200181Ia 4500
005 20240823010328.0
008 240823s9999||||xx |||||||||||||| ||und||
041 _aENGLISH
082 _A621.3 N1
100 _aGupta J B
245 2 _aA course in Electrical Technology
250 _a8th
260 _c1991
_b"S K Kataria,New Delhi"
500 _aTRANSFERED
650 _aElectrical
_bInstrumentation
942 _cBK
999 _c158304
_d158304